[Event "16. Rusia tch HL"]
[Site "Dagomys RUS"]
[Date "2009.04.02"]
[Round "1.4"]
[White "Iljushin, Alexei"]
[Black "Nagibin, George"]
[Result "1-0"]
[WhiteElo "2557"]
[BlackElo "2386"]
[PlyCount "99"]
[EventDate "2009.04.02"]
[EventType "team"]
[EventRounds "8"]
[EventCountry "RUS"]
[Source "lmi"]
[SourceDate "2009.04.04"]

1. d4 g6 2. c4 Bg7 3. Nc3 d6 4. e4 Nc6 5. d5 Nd4 6. Be3 c5 7. dxc6 Nxc6 8. Rc1
Nf6 9. f3 O-O 10. Nge2 Be6 11. Nf4 Qa5 12. Qd2 Rfc8 13. Be2 Nd7 14. b3 a6 15.
O-O b5 16. Rfd1 b4 17. Ncd5 Nc5 18. Rc2 Rab8 19. Bf1 Bxd5 20. cxd5 Na7 21. Qf2
Nb5 22. Bxb5 Qxb5 23. Qf1 a5 24. Qxb5 Rxb5 25. Ne2 Ra8 26. Rdc1 Rc8 27. Rc4 Kf8
28. f4 Ke8 29. e5 Rc7 30. Ng3 Kd7 31. Bxc5 Rbxc5 32. Rxc5 Rxc5 33. Rxc5 dxc5
34. Ne4 c4 35. bxc4 g5 36. Nxg5 Bh6 37. e6+ fxe6 38. Nxe6 Kd6 39. Kf2 a4 40.
Ke3 b3 41. axb3 a3 42. Nd4 a2 43. Nc2 e6 44. dxe6 Kxe6 45. Ke4 Bg7 46. c5 a1=Q
47. Nxa1 Bxa1 48. b4 Bc3 49. b5 Bb4 50. f5+ 1-0

[Event "16. Rusia tch HL"]
[Site "Dagomys RUS"]
[Date "2009.04.02"]
[Round "1.6"]
[White "Lushenkov, Mikhail"]
[Black "Belov, Igor"]
[Result "0-1"]
[WhiteElo "2464"]
[BlackElo "2443"]
[PlyCount "112"]
[EventDate "2009.04.02"]
[EventType "team"]
[EventRounds "8"]
[EventCountry "RUS"]
[Source "lmi"]
[SourceDate "2009.04.04"]

1. d4 Nf6 2. c4 g6 3. Nc3 Bg7 4. e4 d6 5. Nf3 O-O 6. h3 e5 7. d5 a5 8. Bg5 Na6
9. Be2 Nc5 10. Nd2 Bd7 11. g4 c6 12. Rg1 a4 13. Rg3 Qa5 14. Kf1 Rfc8 15. a3
cxd5 16. exd5 Ne8 17. Kg1 h6 18. Be3 Qd8 19. Kh1 Kh8 20. Qg1 Qe7 21. Re1 Ra6
22. f4 Rb6 23. Nb5 exf4 24. Bxf4 Qf6 25. Rf3 Qxb2 26. Rb1 Qa2 27. Qe3 Rxb5 28.
cxb5 Nb3 29. Rd1 Nd4 30. Bxh6 Nxf3 31. Nxf3 Bxh6 32. Qxh6+ Kg8 33. Qe3 Rc2 34.
Nd4 Rb2 35. Bf3 Rb1 36. Rxb1 Qxb1+ 37. Kh2 Bxb5 38. Bg2 Qd3 39. Qf4 Bd7 40. h4
Qxa3 41. h5 Qb2 42. h6 a3 43. h7+ Kxh7 44. Qxf7+ Ng7 45. Nf3 Bxg4 46. Ng5+ Kh6
47. Qf4 Nh5 48. Nf7+ Kg7 49. Qxg4 Kxf7 50. Qd7+ Kg8 51. Qxd6 a2 52. Qxg6+ Ng7
53. Qg5 a1=Q 54. Qd8+ Kh7 55. Qh4+ Kg6 56. Qg4+ Kf6 0-1

[Event "16. Rusia tch HL"]
[Site "Dagomys RUS"]
[Date "2009.04.02"]
[Round "1.24"]
[White "Nikolaev, Nikita"]
[Black "Simonian, Hrair"]
[Result "0-1"]
[WhiteElo "2423"]
[BlackElo "2504"]
[PlyCount "134"]
[EventDate "2009.04.02"]
[EventType "team"]
[EventRounds "8"]
[EventCountry "RUS"]
[Source "lmi"]
[SourceDate "2009.04.04"]

1. Nf3 Nf6 2. c4 b6 3. g3 Bb7 4. Bg2 e6 5. O-O Be7 6. Nc3 O-O 7. b3 d5 8. cxd5
Nxd5 9. Nxd5 Bxd5 10. d4 Nd7 11. Bb2 c5 12. Rc1 Rc8 13. Qd3 Bf6 14. e4 Bb7 15.
Ba3 Ne5 16. Nxe5 Bxe5 17. d5 exd5 18. exd5 Bd4 19. Qf3 Qd7 20. b4 Rfd8 21. bxc5
bxc5 22. Rfe1 g6 23. Rc4 Qb5 24. Qb3 a6 25. Rb1 Qxb3 26. axb3 Bxd5 27. Bxd5
Rxd5 28. Rbc1 Rb8 29. Bxc5 Rxc5 30. Rxc5 Bxc5 31. Rxc5 Rxb3 32. Rc7 a5 33. Ra7
Rb5 34. h4 h5 35. Kg2 Rf5 36. f3 Kg7 37. g4 Rb5 38. Kg3 Kf6 39. Ra6+ Ke7 40.
Ra7+ Ke6 41. Kf4 Kf6 42. Ra6+ Ke7 43. Ra7+ Ke6 44. Ra6+ Kd5 45. Kg5 Kc5 46. Kh6
Kb4 47. Ra7 a4 48. Rxf7 a3 49. Rd7 a2 50. Rd1 Ka3 51. Kxg6 hxg4 52. fxg4 Rb1
53. Rd6 Rb4 54. Rd1 Rxg4+ 55. Kh5 Rb4 56. Ra1 Rb1 57. Rxa2+ Kxa2 58. Kg5 Rg1+
59. Kf6 Rh1 60. Kg5 Kb3 61. h5 Kc4 62. h6 Kd5 63. Kg6 Ke6 64. h7 Rg1+ 65. Kh6
Kf7 66. h8=N+ Kf6 67. Kh7 Rg2 0-1

[Event "16. Rusia tch HL"]
[Site "Dagomys RUS"]
[Date "2009.04.03"]
[Round "2.9"]
[White "Lintchevski, Daniil"]
[Black "Kashlinskaya, Alina"]
[Result "1-0"]
[WhiteElo "2485"]
[BlackElo "2344"]
[PlyCount "83"]
[EventDate "2009.04.02"]
[EventType "team"]
[EventRounds "8"]
[EventCountry "RUS"]
[Source "lmi"]
[SourceDate "2009.04.04"]

1. e4 c5 2. Nf3 d6 3. d4 cxd4 4. Nxd4 Nf6 5. Nc3 g6 6. Be3 Bg7 7. f3 O-O 8. Qd2
Nc6 9. O-O-O d5 10. exd5 Nxd5 11. Nxc6 bxc6 12. Bd4 Nxc3 13. Qxc3 Bh6+ 14. Be3
Bxe3+ 15. Qxe3 Qb6 16. Qxe7 Be6 17. Qa3 Rad8 18. Bd3 Rd5 19. Rhe1 Ra5 20. Qc3
Rxa2 21. b3 Ra5 22. Kb2 Rc5 23. Qf6 a5 24. Rxe6 fxe6 25. Qxe6+ Rf7 26. Bc4 Rxc4
27. Qxc4 Qc7 28. Re1 Qxh2 29. Re7 Qf4 30. Qxf7+ Qxf7 31. Rxf7 Kxf7 32. Ka3 h5
33. Ka4 h4 34. Kxa5 Ke6 35. c4 Ke5 36. b4 Kf4 37. b5 cxb5 38. cxb5 Kg3 39. b6
Kxg2 40. b7 h3 41. b8=Q h2 42. Qb2+ 1-0

[Event "16. Rusia tch HL"]
[Site "Dagomys RUS"]
[Date "2009.04.03"]
[Round "2.18"]
[White "Olenin, Nikolay"]
[Black "Genba, Vladimir"]
[Result "1/2-1/2"]
[WhiteElo "2325"]
[BlackElo "2441"]
[PlyCount "101"]
[EventDate "2009.04.02"]
[EventType "team"]
[EventRounds "8"]
[EventCountry "RUS"]
[Source "lmi"]
[SourceDate "2009.04.04"]

1. e4 e5 2. Nf3 Nc6 3. d4 exd4 4. Nxd4 Nf6 5. Nxc6 bxc6 6. e5 Qe7 7. Qe2 Nd5 8.
c4 Ba6 9. b3 g6 10. f4 f6 11. exf6 Qxe2+ 12. Bxe2 Bb4+ 13. Kd1 Nxf6 14. Bd2
Bxd2 15. Nxd2 c5 16. Bf3 O-O-O 17. Kc2 Bb7 18. Rae1 Rde8 19. g3 Bxf3 20. Nxf3
d6 21. Kd3 Kd7 22. Rxe8 Rxe8 23. Re1 Rxe1 24. Nxe1 Ke6 25. Nf3 Kf5 26. Ke3 Kg4
27. Ng5 h6 28. Ne6 Kh3 29. Nxc7 Ng4+ 30. Ke4 Nxh2 31. Nb5 Kxg3 32. Nxd6 Ng4 33.
f5 g5 34. b4 h5 35. bxc5 h4 36. c6 h3 37. c7 h2 38. c8=Q h1=Q+ 39. Kd4 Qa1+ 40.
Kd5 Qe5+ 41. Kc6 Nf6 42. Qe6 Kf4 43. Qxe5+ Kxe5 44. Nf7+ Kxf5 45. Nxg5 Kxg5 46.
Kb7 a5 47. a4 Kf5 48. Kb6 Ke6 49. Kxa5 Kd6 50. Kb6 Nd7+ 51. Kb7 1/2-1/2

[Event "16. Rusia tch HL"]
[Site "Dagomys RUS"]
[Date "2009.04.03"]
[Round "2.29"]
[White "Belov, Igor"]
[Black "Chernobay, Artem"]
[Result "1-0"]
[WhiteElo "2443"]
[BlackElo "2398"]
[PlyCount "143"]
[EventDate "2009.04.02"]
[EventType "team"]
[EventRounds "8"]
[EventCountry "RUS"]
[Source "lmi"]
[SourceDate "2009.04.04"]

1. Nf3 d6 2. d4 Nf6 3. c4 g6 4. Nc3 Bg7 5. e4 O-O 6. Be2 e5 7. d5 a5 8. Bg5 h6
9. Bh4 Na6 10. Nd2 Bd7 11. b3 Qe8 12. O-O Nh7 13. a3 h5 14. f3 Bf6 15. Bf2 h4
16. Rb1 Bg5 17. b4 axb4 18. axb4 Qe7 19. Kh1 Nf6 20. Qc2 Kg7 21. Rfd1 Rh8 22.
Nf1 b6 23. Bd3 Nh5 24. Ne2 Qf6 25. Ng1 Bf4 26. h3 Qg5 27. Be1 Ng3+ 28. Nxg3
hxg3 29. Ra1 Be3 30. Bf1 Bd4 31. Rxd4 Nxb4 32. Qc1 Qxc1 33. Rxc1 exd4 34. Bxb4
Ra4 35. Rb1 Rha8 36. Ne2 Ra1 37. Rxa1 Rxa1 38. Nxg3 Rb1 39. Bd2 Rd1 40. Bb4 Rb1
41. Bd2 Rd1 42. Bb4 b5 43. cxb5 d3 44. Kh2 Bxb5 45. Kg1 Kg8 46. Kf2 d2 47. Bxb5
Rf1+ 48. Nxf1 d1=Q 49. Bd2 Qb3 50. Be2 f5 51. Be3 Qc3 52. exf5 gxf5 53. Ng3 Qe5
54. Nh5 Kf7 55. Nf4 Qc3 56. g4 Qh8 57. Bd3 Qh4+ 58. Ke2 fxg4 59. fxg4 Qf6 60.
Kf3 Kg8 61. Bf2 Qa1 62. h4 Qh1+ 63. Kg3 c5 64. dxc6 Qxc6 65. g5 d5 66. h5 Qc3
67. h6 Qe5 68. Kg4 Qb2 69. Bc5 d4 70. Be7 Qb6 71. Bc4+ Kh7 72. g6+ 1-0

[Event "16. Rusia tch HL"]
[Site "Dagomys RUS"]
[Date "2009.04.04"]
[Round "3.16"]
[White "Gabrielian, Artur"]
[Black "Belokrylov, Alex"]
[Result "1-0"]
[WhiteElo "2462"]
[BlackElo "2314"]
[PlyCount "131"]
[EventDate "2009.04.02"]
[EventType "team"]
[EventRounds "8"]
[EventCountry "RUS"]
[Source "lmi"]
[SourceDate "2009.04.04"]

1. e4 e5 2. f4 exf4 3. Nf3 g5 4. h4 g4 5. Ne5 Nc6 6. d4 Nxe5 7. dxe5 f3 8. gxf3
Be7 9. Be3 Bxh4+ 10. Kd2 d6 11. exd6 Qxd6+ 12. Bd3 Bg3 13. Nc3 h5 14. Nb5 Qe5
15. Qg1 h4 16. Rf1 Rh5 17. f4 Qe7 18. Qxg3 hxg3 19. Rxh5 Be6 20. f5 Bc4 21. f6
Qb4+ 22. Kc1 O-O-O 23. a3 Qa4 24. b3 Bxb3 25. Rc5 Rxd3 26. cxd3 c6 27. Kb2 g2
28. Rg1 Be6 29. Nd4 Nxf6 30. Rxg2 Qa6 31. Rc3 Kd7 32. Rf2 Qb6+ 33. Kc2 Nh5 34.
Rf1 g3 35. Bg1 Qd8 36. Rb1 Kc8 37. Nb5 Qf6 38. Nxa7+ Kc7 39. Nb5+ Kd7 40. Nd4
Kc7 41. a4 Nf4 42. a5 Bd7 43. Rcb3 Bc8 44. a6 bxa6 45. Rb6 Bd7 46. Rxa6 Nh3 47.
Nb5+ Kd8 48. Bb6+ Ke7 49. Bc5+ Ke6 50. Nd4+ Ke5 51. Ra7 g2 52. Rxd7 g1=Q 53.
Rxg1 Nxg1 54. Nf5 Qg6 55. Re7+ Kf4 56. Be3+ Kg4 57. Bxg1 Qh5 58. Rxf7 Kh3 59.
Rg7 Qe2+ 60. Kc3 Qe1+ 61. Kd4 Qa1+ 62. Ke3 Qe1+ 63. Kf4 Qc1+ 64. Ke5 Qb2+ 65.
Ke6 Qb3+ 66. Kf6 1-0

[Event "16. Rusia tch HL"]
[Site "Dagomys RUS"]
[Date "2009.04.05"]
[Round "4.1"]
[White "Galkin, Alexander"]
[Black "Makarov, Aleksandr"]
[Result "1/2-1/2"]
[WhiteElo "2617"]
[BlackElo "2209"]
[PlyCount "59"]
[EventDate "2009.04.02"]
[EventType "team"]
[EventRounds "8"]
[EventCountry "RUS"]
[Source "lmi"]
[SourceDate "2009.04.04"]

1. e4 c5 2. Nf3 d6 3. Bb5+ Nd7 4. d4 Ngf6 5. O-O cxd4 6. Qxd4 g6 7. e5 dxe5 8.
Nxe5 Bg7 9. Rd1 O-O 10. Nc3 Qb6 11. Be3 Qxd4 12. Bxd4 Nxe5 13. Bxe5 Bf5 14. Bd3
Bxd3 15. Rxd3 Rfd8 16. Rad1 Rxd3 17. Rxd3 Rc8 18. Kf1 e6 19. Ke1 a6 20. f3 h5
21. a4 Kf8 22. Rd4 Ne8 23. Bxg7+ Kxg7 24. Kd2 Nf6 25. a5 Kf8 26. Na4 Ke7 27.
Nb6 Rc7 28. Kd3 g5 29. g3 e5 30. Rc4 1/2-1/2

[Event "16. Rusia tch HL"]
[Site "Dagomys RUS"]
[Date "2009.04.05"]
[Round "4.2"]
[White "Yevseev, Denis"]
[Black "Khairullin, Ildar"]
[Result "1/2-1/2"]
[WhiteElo "2529"]
[BlackElo "2606"]
[PlyCount "22"]
[EventDate "2009.04.02"]
[EventType "team"]
[EventRounds "8"]
[EventCountry "RUS"]
[Source "lmi"]
[SourceDate "2009.04.04"]

1. d4 d5 2. Nf3 Nf6 3. c4 c6 4. e3 Bf5 5. Nc3 e6 6. Nh4 Bg6 7. Nxg6 hxg6 8. a3
Nbd7 9. g3 Be7 10. b3 Ne4 11. Bb2 f5 1/2-1/2

[Event "16. Rusia tch HL"]
[Site "Dagomys RUS"]
[Date "2009.04.05"]
[Round "4.3"]
[White "Dyachkov, Sergej"]
[Black "Klimov, Sergey"]
[Result "1-0"]
[WhiteElo "2568"]
[BlackElo "2521"]
[PlyCount "109"]
[EventDate "2009.04.02"]
[EventType "team"]
[EventRounds "8"]
[EventCountry "RUS"]
[Source "lmi"]
[SourceDate "2009.04.04"]

1. d4 Nf6 2. c4 g6 3. Nc3 Bg7 4. e4 d6 5. f3 O-O 6. Be3 e5 7. Nge2 c6 8. d5
cxd5 9. cxd5 Nbd7 10. g4 h5 11. h3 Nh7 12. gxh5 Bf6 13. Rg1 Bh4+ 14. Kd2 Bg5
15. Bxg5 Nxg5 16. Rg3 Kg7 17. Kc2 Nh7 18. f4 exf4 19. Nxf4 Ne5 20. Qd4 Qh4 21.
hxg6 Qxf4 22. Ne2 Qh4 23. gxh7+ Kxh7 24. Rc1 Bd7 25. Kb1 Rac8 26. Rgc3 b6 27.
Qe3 Rxc3 28. Nxc3 Rg8 29. a3 Rg6 30. Ne2 Rf6 31. Nd4 Rf4 32. Bg2 Rf2 33. Rc2
Rxc2 34. Kxc2 Kg6 35. Nf3 Nxf3 36. Qxf3 Qe1 37. Kb3 a5 38. Qf4 Qd1+ 39. Ka2 Bb5
40. Qxd6+ Kh7 41. Qc7 Qd3 42. Qxf7+ Kh6 43. Qf4+ Kg6 44. Qf5+ Kh6 45. Qf6+ Kh7
46. Qh4+ Kg6 47. Qe1 Bc4+ 48. Ka1 Qb3 49. Qb1 Bd3 50. Qg1 Kh7 51. e5 Kh8 52. e6
Bc4 53. Qd4+ Kg8 54. Qg4+ Kf8 55. Qf3+ 1-0

[Event "16. Rusia tch HL"]
[Site "Dagomys RUS"]
[Date "2009.04.05"]
[Round "4.4"]
[White "Lintchevski, Daniil"]
[Black "Evdokimov, Alexander A"]
[Result "1/2-1/2"]
[WhiteElo "2485"]
[BlackElo "2546"]
[PlyCount "24"]
[EventDate "2009.04.02"]
[EventType "team"]
[EventRounds "8"]
[EventCountry "RUS"]
[Source "lmi"]
[SourceDate "2009.04.04"]

1. Nf3 Nf6 2. c4 g6 3. Nc3 d5 4. cxd5 Nxd5 5. Qa4+ Bd7 6. Qh4 Bc6 7. Ne5 Bg7 8.
Nxc6 Nxc6 9. Qe4 e6 10. g3 O-O 11. Bg2 Nce7 12. O-O c6 1/2-1/2

[Event "16. Rusia tch HL"]
[Site "Dagomys RUS"]
[Date "2009.04.05"]
[Round "4.5"]
[White "Kovchan, Alexander"]
[Black "Matlakov, Maxim"]
[Result "1/2-1/2"]
[WhiteElo "2543"]
[BlackElo "2533"]
[PlyCount "67"]
[EventDate "2009.04.02"]
[EventType "team"]
[EventRounds "8"]
[EventCountry "RUS"]
[Source "lmi"]
[SourceDate "2009.04.04"]

1. e4 e5 2. Nf3 Nc6 3. d4 exd4 4. Nxd4 Qf6 5. Nxc6 Bc5 6. Qd2 dxc6 7. Nc3 Ne7
8. Qf4 Be6 9. Qxf6 gxf6 10. Na4 Bb4+ 11. c3 Bd6 12. Be3 b6 13. f4 O-O-O 14. Kf2
c5 15. b3 Bd7 16. g3 Bc6 17. Bg2 Rhe8 18. c4 f5 19. e5 Bxg2 20. Kxg2 Nc6 21.
Rad1 f6 22. exd6 Rxe3 23. Kf2 Re6 24. dxc7 Rde8 25. Nc3 Nd4 26. Rhe1 Kxc7 27.
Nd5+ Kd7 28. Rxe6 Rxe6 29. Rd2 Kc6 30. Nc3 a6 31. Rd3 b5 32. Re3 Kd6 33. Rxe6+
Kxe6 34. Ke3 1/2-1/2

[Event "16. Rusia tch HL"]
[Site "Dagomys RUS"]
[Date "2009.04.05"]
[Round "4.6"]
[White "Goganov, Aleksey"]
[Black "Lushenkov, Mikhail"]
[Result "1/2-1/2"]
[WhiteElo "2462"]
[BlackElo "2464"]
[PlyCount "56"]
[EventDate "2009.04.02"]
[EventType "team"]
[EventRounds "8"]
[EventCountry "RUS"]
[Source "lmi"]
[SourceDate "2009.04.04"]

1. e4 e5 2. Nf3 Nc6 3. Bb5 a6 4. Ba4 Nf6 5. O-O Be7 6. Re1 b5 7. Bb3 d6 8. c3
O-O 9. h3 Nb8 10. d4 Nbd7 11. Nbd2 Bb7 12. Bc2 Re8 13. Nf1 Bf8 14. Ng3 g6 15.
Bg5 h6 16. Bd2 Bg7 17. Qc1 h5 18. Bh6 Bxh6 19. Qxh6 Nh7 20. dxe5 Nxe5 21. Nxe5
dxe5 22. Bb3 Qf6 23. Re3 Qg7 24. Nf5 Qf6 25. Ng3 Qg7 26. Nf5 Qf6 27. Ng3 Qg7
28. Nf5 Qf6 1/2-1/2

[Event "16. Rusia tch HL"]
[Site "Dagomys RUS"]
[Date "2009.04.05"]
[Round "4.8"]
[White "Maletin, Pavel"]
[Black "Lastin, Alexander"]
[Result "0-1"]
[WhiteElo "2559"]
[BlackElo "2650"]
[PlyCount "98"]
[EventDate "2009.04.02"]
[EventType "team"]
[EventRounds "8"]
[EventCountry "RUS"]
[Source "lmi"]
[SourceDate "2009.04.04"]

1. d4 Nf6 2. c4 e6 3. g3 d5 4. Nf3 Bb4+ 5. Bd2 Be7 6. Bg2 O-O 7. O-O c6 8. Qc2
b6 9. Rd1 Ba6 10. b3 Nbd7 11. a4 Re8 12. Na3 Rc8 13. b4 c5 14. dxc5 bxc5 15. b5
Bb7 16. e3 Ne4 17. Be1 Qc7 18. a5 Red8 19. Rab1 Bf6 20. Rbc1 h6 21. cxd5 exd5
22. Nd4 Ne5 23. Ne2 c4 24. Nb1 Nc5 25. a6 Ba8 26. Nbc3 Ned3 27. Rb1 d4 28. exd4
Bxg2 29. Kxg2 Nxe1+ 30. Rxe1 Nd3 31. Rf1 Bxd4 32. Nxd4 Rxd4 33. Qe2 Qa5 34. Qc2
Re8 35. b6 Qxa6 36. b7 Rb8 37. Nb5 Qc6+ 38. Kg1 Rd7 39. Nxa7 Qc5 40. Qa4 Rdxb7
41. Rxb7 Rxb7 42. Qe8+ Qf8 43. Qe3 Re7 44. Qd4 Ne5 45. f4 Ng4 46. Nc6 Re2 47.
Ra1 Qe8 48. Ne5 Nxe5 49. fxe5 Qc6 0-1

[Event "16. Rusia tch HL"]
[Site "Dagomys RUS"]
[Date "2009.04.05"]
[Round "4.9"]
[White "Smirnov, Pavel"]
[Black "Kryakvin, Dmitry"]
[Result "0-1"]
[WhiteElo "2575"]
[BlackElo "2583"]
[PlyCount "72"]
[EventDate "2009.04.02"]
[EventType "team"]
[EventRounds "8"]
[EventCountry "RUS"]
[Source "lmi"]
[SourceDate "2009.04.04"]

1. e4 c5 2. Nf3 d6 3. d4 cxd4 4. Nxd4 Nf6 5. Nc3 Nc6 6. Bg5 e6 7. Qd2 Be7 8.
O-O-O O-O 9. f4 Nxd4 10. Qxd4 h6 11. Bh4 Qa5 12. Bc4 Qh5 13. Bg3 Rd8 14. Rhe1
Bd7 15. e5 dxe5 16. Rxe5 Bc6 17. Qe3 Ng4 18. Qe2 Qg6 19. Rxd8+ Rxd8 20. Ra5 Bb4
21. Rxa7 Bc5 22. Bd3 Qh5 23. Ra5 Be3+ 24. Qxe3 Qxa5 25. Qe2 Nf6 26. Bh4 Qb4 27.
Qd2 Rd7 28. a3 Qc5 29. b4 Qg1+ 30. Kb2 Qxg2 31. Qe3 Ng4 32. Qg3 Qxh2 33. Qxg4
Rxd3 34. f5 Qh3 35. Qf4 Rxc3 36. f6 Rxa3 0-1

[Event "16. Rusia tch HL"]
[Site "Dagomys RUS"]
[Date "2009.04.05"]
[Round "4.11"]
[White "Pridorozhni, Aleksei"]
[Black "Ovetchkin, Roman"]
[Result "0-1"]
[WhiteElo "2528"]
[BlackElo "2549"]
[PlyCount "86"]
[EventDate "2009.04.02"]
[EventType "team"]
[EventRounds "8"]
[EventCountry "RUS"]
[Source "lmi"]
[SourceDate "2009.04.04"]

1. e4 c6 2. d4 d5 3. e5 Bf5 4. Nf3 e6 5. Be2 Nd7 6. O-O Ne7 7. Nbd2 Nc8 8. b3
Be7 9. c4 O-O 10. Bb2 Bg6 11. Ne1 a5 12. f4 a4 13. g4 Bb4 14. a3 Bxd2 15. Qxd2
f5 16. cxd5 cxd5 17. Bc3 axb3 18. Bb4 fxg4 19. Bxf8 Nxf8 20. Bxg4 Nb6 21. Qc3
Nc4 22. Qxb3 Nd2 23. Qe3 Nxf1 24. Kxf1 Qb6 25. Rc1 Qb2 26. Rc7 Rxa3 27. Rxb7
Qa1 28. Qd2 Bd3+ 29. Be2 Bxe2+ 30. Qxe2 Qxd4 31. Qg4 g6 32. Rb8 Qc4+ 33. Kg1
Qa6 34. Kh1 Qf1+ 35. Qg1 Qxf4 36. Ng2 Qf3 37. Rb1 Qf5 38. Rf1 Rf3 39. Re1 Rf2
40. Nh4 Qf4 41. Ng2 Qf3 42. Re3 Qf7 43. Re1 d4 0-1

[Event "16. Rusia tch HL"]
[Site "Dagomys RUS"]
[Date "2009.04.05"]
[Round "4.12"]
[White "Vokarev, Sergey"]
[Black "Kabanov, Nikolai"]
[Result "1/2-1/2"]
[WhiteElo "2521"]
[BlackElo "2517"]
[PlyCount "80"]
[EventDate "2009.04.02"]
[EventType "team"]
[EventRounds "8"]
[EventCountry "RUS"]
[Source "lmi"]
[SourceDate "2009.04.04"]

1. e4 e5 2. Nf3 Nc6 3. Nc3 Nf6 4. d4 exd4 5. Nxd4 Bb4 6. Nxc6 bxc6 7. Bd3 d5 8.
exd5 Qe7+ 9. Qe2 Nxd5 10. Qxe7+ Bxe7 11. Bd2 Nxc3 12. bxc3 Bd6 13. O-O Be6 14.
Rfe1 Kd7 15. Re4 Rhb8 16. Ra4 g6 17. Ra5 Rb2 18. Bc1 Rb7 19. Be3 Rab8 20. f4
Rb1+ 21. Rxb1 Rxb1+ 22. Kf2 Rb2 23. c4 Rb7 24. Kf3 f5 25. Bxa7 c5 26. Bxc5 Bxc5
27. Rxc5 Ra7 28. Rb5 Rxa2 29. Rb8 Ra3 30. Rh8 Bxc4 31. Rxh7+ Ke6 32. Ke3 Bxd3
33. cxd3 Ra2 34. g3 c5 35. Rc7 Rc2 36. Rc6+ Kf7 37. Rc7+ Ke6 38. Rc6+ Kf7 39.
Rc8 Ke7 40. Rc6 Kf7 1/2-1/2

[Event "16. Rusia tch HL"]
[Site "Dagomys RUS"]
[Date "2009.04.05"]
[Round "4.13"]
[White "Popov, Ivan"]
[Black "Dolmatov, Sergey"]
[Result "1/2-1/2"]
[WhiteElo "2568"]
[BlackElo "2557"]
[PlyCount "80"]
[EventDate "2009.04.02"]
[EventType "team"]
[EventRounds "8"]
[EventCountry "RUS"]
[Source "lmi"]
[SourceDate "2009.04.04"]

1. e4 e6 2. d4 d5 3. Nc3 Bb4 4. e5 c5 5. a3 Bxc3+ 6. bxc3 Ne7 7. Qg4 O-O 8. Bd3
Nbc6 9. Qh5 Ng6 10. Nf3 Qc7 11. Be3 c4 12. Bxg6 fxg6 13. Qg4 Bd7 14. h4 Rf5 15.
Qh3 Raf8 16. Ng1 Qb6 17. Ne2 Qb2 18. Kd2 Na5 19. Rhb1 Nb3+ 20. Kd1 Qxa1 21.
Rxa1 Nxa1 22. Kc1 Ba4 23. Nf4 Re8 24. h5 Nxc2 25. hxg6 hxg6 26. g4 Rxf4 27.
Bxf4 Nxa3 28. Bg5 Nc2 29. f4 Rf8 30. Qg3 b5 31. f5 b4 32. Be7 Rf7 33. Bxb4 Nxb4
34. cxb4 gxf5 35. gxf5 Rxf5 36. Qa3 Be8 37. Qxa7 Bg6 38. Qc7 Kh7 39. b5 Rf3 40.
Qe7 Rb3 1/2-1/2

[Event "16. Rusia tch HL"]
[Site "Dagomys RUS"]
[Date "2009.04.05"]
[Round "4.14"]
[White "Arslanov, Shamil"]
[Black "Gasanov, Eldar"]
[Result "1/2-1/2"]
[WhiteElo "2365"]
[BlackElo "2551"]
[PlyCount "43"]
[EventDate "2009.04.02"]
[EventType "team"]
[EventRounds "8"]
[EventCountry "RUS"]
[Source "lmi"]
[SourceDate "2009.04.04"]

1. e4 c5 2. c3 d6 3. d4 Nf6 4. f3 Nc6 5. Be3 e5 6. dxe5 Nxe5 7. c4 Be6 8. b3 b5
9. Nc3 bxc4 10. Bxc4 Bxc4 11. bxc4 Be7 12. Bf4 Nfd7 13. Bxe5 Nxe5 14. f4 Qa5
15. Nge2 Nxc4 16. Qd5 Nb6 17. Qc6+ Kd8 18. O-O Rc8 19. Qb7 Rc7 20. Qb8+ Rc8 21.
Qb7 Rc7 22. Qb8+ 1/2-1/2

[Event "16. Rusia tch HL"]
[Site "Dagomys RUS"]
[Date "2009.04.05"]
[Round "4.15"]
[White "Rustemov, Alexander"]
[Black "Kashlinskaya, Alina"]
[Result "1-0"]
[WhiteElo "2520"]
[BlackElo "2344"]
[PlyCount "85"]
[EventDate "2009.04.02"]
[EventType "team"]
[EventRounds "8"]
[EventCountry "RUS"]
[Source "lmi"]
[SourceDate "2009.04.04"]

1. c4 Nf6 2. Nc3 g6 3. g3 Bg7 4. Bg2 O-O 5. d4 d6 6. Nf3 Nbd7 7. d5 e5 8. dxe6
fxe6 9. O-O Qe7 10. Qc2 c6 11. Bg5 e5 12. Nd2 Nc5 13. Nde4 Bf5 14. Nxf6+ Bxf6
15. Bxf6 Qxf6 16. Qd2 a5 17. Rad1 Rad8 18. b3 Qe6 19. Qe3 a4 20. b4 Na6 21. Nd5
Kh8 22. b5 Nc5 23. bxc6 bxc6 24. Nb4 Rb8 25. a3 e4 26. Qd4+ Rf6 27. Nxc6 Rc8
28. Nb4 Nb3 29. Qb2 Qe5 30. Qxe5 dxe5 31. Rd5 Re6 32. h3 g5 33. Nc2 Bg6 34. Ne3
Nd4 35. Re1 Rb8 36. Ra5 Rb2 37. Kf1 Be8 38. Ra8 Kg7 39. Bxe4 Ra2 40. Rb1 Bc6
41. Ra7+ Kf8 42. Bxc6 Nxc6 43. Rxa4 1-0

[Event "16. Rusia tch HL"]
[Site "Dagomys RUS"]
[Date "2009.04.05"]
[Round "4.16"]
[White "Kozlov, Gennady"]
[Black "Gabrielian, Artur"]
[Result "1/2-1/2"]
[WhiteElo "2265"]
[BlackElo "2462"]
[PlyCount "151"]
[EventDate "2009.04.02"]
[EventType "team"]
[EventRounds "8"]
[EventCountry "RUS"]
[Source "lmi"]
[SourceDate "2009.04.04"]

1. e4 c5 2. Nf3 d6 3. d4 cxd4 4. Nxd4 Nf6 5. Nc3 e6 6. g4 h6 7. h4 Nc6 8. Rg1
d5 9. Bb5 Bd7 10. exd5 Nxd5 11. Nxd5 exd5 12. Qe2+ Qe7 13. Be3 g6 14. O-O-O Bg7
15. Nb3 O-O 16. h5 Rac8 17. Bd4 Qxe2 18. Bxe2 Nxd4 19. Nxd4 Rfe8 20. Bf3 Re5
21. Bh1 Rg5 22. hxg6 fxg6 23. Nb3 Rxg4 24. Bxd5+ Kh7 25. Bxb7 Rc7 26. Bd5 Ra4
27. c3 Bf5 28. Nd2 h5 29. f3 Bh6 30. Bb3 Rd4 31. Rg2 h4 32. Rh2 h3 33. Bc2 Rxd2
34. Rdxd2 Rd7 35. Bxf5 Bxd2+ 36. Rxd2 Rxd2 37. Bxh3 Rf2 38. Bg4 Kg7 39. a4 Kf6
40. Kb1 Ke5 41. Ka2 g5 42. Ka3 Kf4 43. c4 Ke5 44. b4 Kd4 45. c5 Rc2 46. a5 Kd5
47. Ka4 Rb2 48. Bc8 Kc6 49. Bf5 Kc7 50. Be4 a6 51. Bd5 Rd2 52. Bc4 Rf2 53. Bd5
Rd2 54. Bc4 Rf2 55. Bxa6 Rxf3 56. Bc4 Rf4 57. Bd5 Rd4 58. Ba8 Kb8 59. Bh1 g4
60. a6 g3 61. Ka5 Rd2 62. b5 g2 63. Bxg2 Rxg2 64. b6 Rb2 65. c6 Rb1 66. a7+ Ka8
67. Ka6 Ra1+ 68. Kb5 Rc1 69. c7 Kb7 70. Kb4 Rc6 71. Ka5 Rc1 72. Kb5 Rc2 73. Kb4
Rc1 74. Kb5 Rc2 75. Kb4 Rc1 76. Kb5 1/2-1/2

[Event "16. Rusia tch HL"]
[Site "Dagomys RUS"]
[Date "2009.04.05"]
[Round "4.20"]
[White "Chernyshov, Konstantin"]
[Black "Nikolenko, Oleg"]
[Result "1/2-1/2"]
[WhiteElo "2540"]
[BlackElo "2524"]
[PlyCount "77"]
[EventDate "2009.04.02"]
[EventType "team"]
[EventRounds "8"]
[EventCountry "RUS"]
[Source "lmi"]
[SourceDate "2009.04.04"]

1. Nf3 Nf6 2. c4 e6 3. Nc3 Bb4 4. Qc2 O-O 5. e4 d6 6. d4 e5 7. Bd3 exd4 8. Nxd4
Re8 9. Bd2 Bc5 10. Nb3 Nc6 11. O-O a5 12. Bg5 Nb4 13. Qd2 h6 14. Bxf6 Qxf6 15.
Nxc5 dxc5 16. Nd5 Nxd5 17. cxd5 c4 18. Bxc4 Rxe4 19. Rac1 Bf5 20. Qc3 Qd6 21.
Bd3 Rh4 22. g3 Bxd3 23. Qxd3 Rh5 24. Rfd1 Rd8 25. Qc3 Rxd5 26. Rxd5 Qxd5 27.
Qxc7 Re8 28. a3 Re2 29. Qc3 Qe4 30. b4 axb4 31. Qxb4 Qf3 32. Qb6 Kh7 33. a4 f5
34. a5 Ra2 35. Qc5 h5 36. h4 Re2 37. Qd4 Ra2 38. Rc7 Qg4 39. Qxg4 1/2-1/2